000 00562nam a2200229Ia 4500
003 OSt
005 20220918173940.0
006 a|||||r|||| 00| 0
007 ta
008 220917b |||||||| |||| 00| 0 eng d
024 _a9,416
037 _cTextual
040 _aARTS
_cARTS
_beng
041 _2eng
_aeng
082 _a25, H2 (2D)
100 _aFriedman Harry A.
_948543
245 0 _aNewspaper indexing
260 _c1942
650 _aLIBRARY SCIENCE
942 _h25, H2 (2D)
_cTEXL
_2CC
999 _c151058
_d151058